MARC

Tag First Indicator Second Indicator Subfields
LEADER 00000cam a22000004a 4500
001 in00002495607
005 20151111041234.0
008 090309s2009 mduaf b 001 0deng
010 |a  2009008898 
019 |a 213318745 
020 |a 9781933146553 
020 |a 1933146559 
029 1 |a BWX  |b R1783889 
035 |a (OCoLC)ocn213443690 
035 |a (OCoLC)213443690  |z (OCoLC)213318745 
040 |a DLC  |c DLC  |d BTCTA  |d BAKER  |d YDXCP  |d MBB  |d C#P  |d BWX  |d UtOrBLW 
043 |a e-ie--- 
049 |a TXAM 
050 0 0 |a PR5059.M3  |b Z67 2009 
082 0 0 |a 828/.709  |2 22 
082 0 4 |a 820.8008 
100 1 |a Donovan, Julie. 
245 1 0 |a Sydney Owenson, Lady Morgan and the politics of style /  |c Julie Donovan. 
264 1 |a Bethesda :  |b Maunsel & Co.,  |c [2009] 
264 4 |c ©2009 
300 |a xii, 266 pages, 8 pages of plates :  |b illustrations (some color) ;  |c 24 cm. 
336 |a text  |b txt  |2 rdacontent 
337 |a unmediated  |b n  |2 rdamedia 
338 |a volume  |b nc  |2 rdacarrier 
504 |a Includes bibliographical references (pages [227]-260) and index. 
505 0 |a Text and textile in The wild Irish girl -- Sydney Owenson's personae -- How Sydney Owenson played the harp -- Ireland in Europe and the world -- The wild Irish girl in the Victorian period. 
600 1 0 |a Morgan,  |c Lady  |q (Sydney),  |d 1783-1859  |x Criticism and interpretation. 
600 1 0 |a Morgan,  |c Lady  |q (Sydney),  |d 1783-1859  |x Political and social views. 
650 0 |a National characteristics, Irish, in literature. 
651 0 |a Ireland  |x In literature. 
650 0 |a Fashion in literature. 
650 0 |a Clothing and dress in literature. 
650 0 |a Clothing and dress  |x Political aspects  |z Ireland. 
938 |a Baker and Taylor  |b BTCP  |n BK0007669610 
938 |a Baker & Taylor  |b BKTY  |c 79.95  |d 79.95  |i 1933146559  |n 0007669610  |s active 
938 |a YBP Library Services  |b YANK  |n 2802540 
938 |a Blackwell Book Service  |b BBUS  |n R1783889  |c $79.95 
945 |a PromptCat  |b 739556 
946 |a stk 
947 |a A14839904694 
994 |a 92  |b TXA 
948 |a cataloged  |b h  |d 2009/7/8  |h c  |e asalazar  |f 3:06:54 pm 
999 |a MARS 
999 f f |s 0eaac420-763d-323f-847c-87834e452eb5  |i 8037f395-7ead-3f64-8a1c-18be92153872  |t 0 
952 f f |p normal  |a Texas A&M University  |b College Station  |c Sterling C. Evans Library  |d Evans: Library Stacks  |t 0  |e PR5059.M3 Z67 2009  |h Library of Congress classification  |i unmediated -- volume  |m A14839904694 
998 f f |a PR5059.M3 Z67 2009  |t 0  |l Evans: Library Stacks